| 000 | 00955nam a2200289Ia 4500 | ||
|---|---|---|---|
| 001 | 13119 | ||
| 003 | BD-RjUL | ||
| 005 | 20211208235417.0 | ||
| 008 | 140130s1961 enka b 001 0 eng d | ||
| 035 | _a(BD-RjUL)13169 | ||
| 040 |
_aORN _cORN _dUKM _dMYG _beng |
||
| 041 | _aeng | ||
| 082 | 0 | 4 |
_a621.381076 _218 _bBEP 1961 |
| 090 | _aTK7815.B47x 1961 | ||
| 100 | 1 |
_aBenson, F. A. _q(Frank Atkinson), _d1921- _940868 |
|
| 245 | 1 | 0 |
_aProblems in electronics with solutions / _cF.A. Benson. |
| 250 | _a2nd ed., rev. and enl. | ||
| 260 |
_aLondon : _bE. & F.N. Spon Ltd., _c1961. |
||
| 300 |
_axvi, 249 p. : _bill. ; _c23 cm. |
||
| 490 | 1 | _aSpon electrical engineering books | |
| 504 | _aIncludes bibliographies and index. | ||
| 650 | 0 |
_aElectronics _vProblems, exercises, etc. _940869 |
|
| 830 | 0 |
_aSpon electrical engineering books. _940873 |
|
| 942 |
_2ddc _cBK |
||
| 946 | _at | ||
| 949 | 0 |
_ac _bRSC _cHDC _o0 _p39080024668276 _x15 _yHDC ITEM _hTK7815.B47x 1961 |
|
| 999 |
_c13119 _d13119 |
||